Statistics for SoulsBorne Elden ring bosses Quiz

Click here to take the quiz!

General Stats

  • This quiz has been taken 278 times
  • The average score is 132 of 311

Answer Stats

GameHintAnswer% Correct
BloodBorneResearch HallLiving Failures
83%
Dark souls 3High wall of LothricDancer of the boreal valley
73%
Dark souls 1Anor LondoOrnstein and Smough
73%
Dark souls 3Kiln of the first flameSoul of Cinder
73%
Dark souls 1Kiln of the first flameGwyn, Lord of Cinder
72%
Dark souls 3Archdragon peakNameless King
71%
Dark souls 3The Ringed CitySlave Knight Gael
70%
Dark souls 1Northern undead asylumAsylum Demon
69%
Elden RingELDEN THRONEElden Beast
69%
Dark souls 1Darkroot GardenGreat grey wolf Sif
69%
Dark souls 1Oolacile SanctuaryKnight Artorias
69%
Dark souls 2Cathedral of BlueOld Dragonslayer
69%
Dark souls 3High wall of LothricVordt of the boreal valley
69%
Dark souls 3Farron KeepAbyss Watchers
68%
Dark souls 1Lower Undead BrugCapra Demon
68%
Dark souls 3Untended GravesChampion Gundyr
68%
Dark souls 3Cemetary of AshIudex Gundyr
68%
Elden RingLIMGRAVEMargit, the Fell Omen
68%
Dark souls 1Crystal CaveSeath the scaleless
68%
Dark souls 1Undead burgTaurus Demon
68%
Dark souls 1Lost IzalithBed of Chaos
67%
Elden RingLIMGRAVEGodrick the Grafted
67%
Dark souls 1Tomb of the giantsGravelord Nito
67%
Dark souls 1Chasm of the AbyssManus, Father of the Abyss
67%
Dark souls 2Belfry LunaBelfry Gargoyles
66%
Dark souls 1BlighttownChaos witch Quelaag
66%
Dark souls 3The Ringed CityDarkeater Midir
66%
Dark souls 3Cathedral of the deepDeacons of the deep
66%
Dark souls 1Sen's fortressIron Golem
66%
BloodBorneFishing HamletOrphan of Kos
66%
Dark souls 3Lothric CastleTwin Princes
66%
Dark souls 3Smoldering LakeOld Demon King
65%
Dark souls 3Painted World of AriandelSister Friede
65%
Dark souls 3Anor LondoAldrich, Devourer of Gods
64%
Dark souls 3Archdragon peakAncient Wyvern
64%
Dark souls 1Anor LondoDark sun Gwyndolin
64%
Dark souls 1New Londo RuinsFour KIngs
64%
Elden RingCONSECRATED SNOWFIELDMalenia, Blade of Miquella
64%
Dark souls 1The CatacombsPinwheel
64%
Dark souls 3Irithyll of the boreal valleyPontiff Sulyvahn
64%
Dark souls 2Forest of the fallen GiantsThe Last Giant
64%
Dark souls 1Undead ParishBell Gargoyles
63%
BloodBorneCentral YharnamCleric Beast
63%
Dark souls 3Road of SacrificesCrystal Sage
63%
Dark souls 3Undead SettlementCurse-rotted greatwood
63%
Dark souls 3The Dreg HeapDemon Prince
63%
Dark souls 1The DepthsGaping Dragon
63%
Dark souls 2Frigid outskirtsLud and Zallen, The king's pets
63%
Demon's soulsTutorialVanguard demon
63%
Dark souls 3Irithyll dungeonYhorm the Giant
63%
Elden RingLEYNDELL, ROYAL CAPITALGodfrey, First Elden Lord
62%
BloodBorneMoonside LakeRom, the vacuous spider
62%
Dark souls 1Northern undead asylumStray Demon
62%
Dark souls 1Demon RuinsCentipede Demon
61%
Dark souls 3Lothric CastleDragonslayer armour
61%
BloodBorneCentral YharnamFather Gascoigne
61%
Dark souls 3Catacombs of CarthusHigh Lord Wolnir
61%
Dark souls 1Darkroot GardenMoonlight butterfly
61%
Dark souls 3Consumed King's GardenOceiros, The Consumed King
61%
Elden RingELDEN THRONERadagon of the Golden Order
61%
Dark souls 2Forest of the fallen GiantsThe Pursuer
61%
Dark souls 1Oolacile SanctuaryBlack Dragon Kalameet
60%
BloodBorneHunter's DreamGehrman, the first hunter
60%
Dark souls 1Demon RuinsCeaseless discharge
59%
Dark souls 1Painted World of AriomisCrossbreed Priscilla
59%
Elden RingMOUNTAINTOPS OF THE GIANTSFire Giant
59%
Elden RingLEYNDELL, ROYAL CAPITALMorgott, the Omen King
59%
Dark souls 1Sanctuary GardenSantuary Guardian
59%
BloodBorneNightmare FrontierAmygdala
58%
BloodBorneResearch HallLady Maria of the astral clocktower
58%
BloodBorneHunter's NightmareLudwig, the holy blade
58%
BloodBorneMergo's Loft MIddleMicolash, Host of the Nightmare
58%
BloodBornePthumeru Ihyll ChaliceYharnam, Pthumerian queen
58%
Dark souls 2Dragon ShrineAncient dragon
57%
BloodBorneOld YharnamBlood starved Beast
57%
BloodBorneAiling Loran ChaliceBlood Starved Beast
57%
Dark souls 1Demon RuinsDemon Firesage
57%
Dark souls 2Heide's Tower of FlameDragonrider
57%
Elden RingSIOFRA RIVERMohg, Lord of Blood
57%
Elden RingLIURNIA OF THE LAKESRennala, Queen of the Full Moon
57%
Dark souls 2Sinner's riseThe Lost Sinner
57%
Demon's soulsWorld 1Tower Knight
57%
Dark souls 2Throne of WantAldia, Scholar of the first sin
56%
Elden RingLEYNDELL, ROYAL CAPITALMohg, The Omen
56%
BloodBorneHunter's DreamMoon Presence
56%
Dark souls 2Iron KeepOld Iron King
56%
Dark souls 2Black GulchThe Rotten
56%
Demon's soulsWorld 1Phalanx
55%
Elden RingMT. GELMIRRykard, Lord of Blasphemy
55%
Elden RingCAELID
Starscourge Radahn
54%
Dark souls 2Brume TowerFume Knight
54%
BloodBorneNightmare of MensisMergo's Wet Nurse
54%
BloodBorneForbidden WoodsShadow of Yharnam
54%
Elden RingLIMGRAVETree Sentinel
54%
Dark souls 3The Ringed CityHalflight, Spear of the Church
53%
Demon's soulsWorld 1Penetrator
53%
Demon's soulsWorld 4Vanguard
53%
Elden RingCRUMBLING FARUM AZULAMaliketh, the Black Blade
52%
Dark souls 2Memory of the old iron kingSir Alonne
52%
Dark souls 2Iron KeepSmelter Demon
52%
Dark souls 2Iron PassageSmelter demon
52%
Dark souls 2No man's WharfFlexile Sentry
51%
Elden RingCRUMBLING FARUM AZULAGodskin Duo
51%
Demon's soulsNexusKing Allant
51%
Dark souls 2Undead cryptKing Vendrick
51%
BloodBorneHunter's NightmareLaurence, the first Vicar
51%
Dark souls 2Throne of WantQueen Nashandra
51%
BloodBorneOld YharnamDarkbeast Paarl
50%
Demon's soulsWorld 2Dragon God
50%
Elden RingALTUS PLATEAU | CAELIDGodskin Apostle
50%
BloodBorneHemwick Charnel LaneWitch of Hemwick
50%
Elden RingLAKE OF ROTAstel, Naturalborn of the Void
49%
Dark souls 3Painted World of AriandelChampions Gravetender
49%
Dark souls 2Shrine of AmanaDemon of Song
49%
BloodBorneAltar of DespairEbrietas, Daughter of the cosmos
49%
Elden RingLIURNIA OF THE LAKES | MT. GELMIRGodskin Noble
49%
Dark souls 2Doors of PharosRoyal rat authority
49%
Dark souls 2Grave of SaintsRoyal Rat Vanguard
49%
Dark souls 2Throne of WantThrone watcher and throne defender
49%
Dark souls 2Old ChaosBurnt Ivory King
48%
Elden RingMOUNTAINTOPS OF THE GIANTS
Godskin Apostle & Godskin Noble
48%
Elden RingLIURNIA OF THE LAKES
Red Wolf of Radagon
48%
Demon's soulsWorld 2Flamelurker
48%
Demon's soulsWorld 1Old King Allant
48%
Demon's soulsWorld 4Storm king
48%
Dark souls 2Memory of JeighThe Giant lord
48%
BloodBorneYahar'gul ChapelThe One Reborn
48%
Elden RingMOUNTAINTOPS OF THE GIANTSAstel, Stars of Darkness
47%
Dark souls 2Brightstone cove TseldoraThe Duke's dear Freja
47%
BloodBorneUpper Cathedral WardCelestial Emissary
46%
Elden RingALTUS PLATEAU | CAELID | LIMGRAVE | LIURNIA OF THE LAKESErdtree Avatar
46%
Demon's soulsWorld 5Leechmonger
46%
Demon's soulsWorld 3Maneater
46%
BloodBorneForsaken Cainhurst CastleMartyr Logarius
46%
Demon's soulsWorld 4Old Hero
46%
Dark souls 2Shaded woodsScorpioness Najka
46%
Dark souls 2Huntsman's CopseSkeleton Lords
46%
Dark souls 2Drangleic CastleTwin Dragonriders
46%
Dark souls 2Brightstone cove TseldoraProwling magus and congregation
45%
Elden RingMT. GELMIRRed Wolf of the Champion
45%
Dark souls 2The lost BastilleRuin's sentinels
45%
Demon's soulsWorld 4Adjudicator
44%
Demon's soulsWorld 2Armor Spider
44%
Dark souls 2Earthen PeakCovetous Demon
44%
Dark souls 2Aldia's KeepGuardian Dragon
44%
Elden RingDEEPROOT DEPTHSLichdragon Fortissax
44%
Dark souls 2King's passageLooking Glass knight
44%
Elden RingNOKRON, ETERNAL CITYMimic Tear
44%
Demon's soulsWorld 3Old Monk
44%
Dark souls 2Dragon's RestSinh, the slumbering dragon
44%
Elden RingLIMGRAVESoldier of Godrick
44%
Dark souls 2Undead cryptVelstadt, The Royal Aegis
44%
Elden RingLIMGRAVECrucible Knight
43%
Dark souls 2Dark chasm of oldDarklurker
43%
Dark souls 2Dragon's RestElana, Squalid Queen
43%
Dark souls 2Undead PurgatoryExecutioner's Chariot
43%
Dark souls 2Frozen Eleum LoyceAava, The King's Pet
42%
Demon's soulsWorld 3Fool's Idol
42%
Elden RingLIURNIA OF THE LAKESRoyal Knight Loretta
42%
Dark souls 2Cave of the deadCerah, Varg and Graverobber
41%
Elden RingDEEPROOT DEPTHSCrucible Knight Siluria
41%
Elden RingCRUMBLING FARUM AZULADragonlord Placidusax
41%
Elden RingLIMGRAVEFlying Dragon Agheel
41%
Dark souls 2Earthen PeakMytha, the baneful queen
41%
Elden RingCAELID | LIMGRAVE | LIURNIA OF THE LAKESNight's Cavalry
41%
Elden RingLEYNDELL, ROYAL CAPITALCrucible Knight & Crucible Knight Ordovis
40%
Elden RingLIMGRAVELeonine Misbegotten
40%
Elden RingSIOFRA RIVER Ancestor Spirit
39%
Elden RingLIMGRAVEDeathbird
39%
Demon's soulsWorld 5Dirty colossus
39%
Elden RingSIOFRA RIVER
Dragonkin Soldier
39%
Elden RingLAKE OF ROTDragonkin Soldier
39%
Elden RingLIMGRAVEGrafted Scion
39%
Elden RingLEYNDELL, CAPITAL OF ASHHoarah Loux
39%
Elden RingCONSECRATED SNOWFIELDLoretta, Knight of the Haligtree
39%
Demon's soulsWorld 5Maiden Astraea
39%
Demon's soulsWorld 1Red Dragon
39%
Elden RingLEYNDELL, CAPITAL OF ASHSir Gideon Ofnir, the All-Knowing
39%
Demon's soulsWorld 1Blue Dragon
38%
Elden RingNOKRON, ETERNAL CITYRegal Ancestor Spirit
37%
Elden RingLIMGRAVE | LIURNIA OF THE LAKESBlack Knife Assassin
36%
Elden RingALTUS PLATEAU
Black Knife Assassin
36%
Elden RingALTUS PLATEAU
Black Knife Assassin
36%
Elden RingALTUS PLATEAUGargoyle
36%
Elden RingALTUS PLATEAU | LIMGRAVEStonedigger Troll
36%
Elden RingLIMGRAVE | MT. GELMIRUlcerated Tree Spirit
36%
Elden RingCAELIDMagma Wyrm
35%
Elden RingMOUNTAINTOPS OF THE GIANTSCommander Niall
34%
Elden RingNOKRON, ETERNAL CITY
Valiant Gargoyle & Valiant Gargoyle
34%
Elden RingALTUS PLATEAUDraconic Tree Sentinel
34%
Elden RingLIMGRAVEPatches
34%
Elden RingALTUS PLATEAU | CAELIDFallingstar Beast
33%
Elden RingDEEPROOT DEPTHSFia's Champions
32%
Elden RingLIMGRAVERunebear
32%
Elden RingLIURNIA OF THE LAKESAdan, Thief of Fire
31%
Elden RingCAELID | LIMGRAVE
Erdtree Burial Watchdog
31%
Elden RingLIURNIA OF THE LAKES | MT. GELMIRErdtree Burial Watchdog
31%
Elden RingLIURNIA OF THE LAKESGlintstone Dragon Smarag
31%
Elden RingLIMGRAVE | LIURNIA OF THE LAKES | MT. GELMIRTibia Mariner
31%
Elden RingCAELID | FORBIDDEN LANDS | MOUNTAINTOPS OF THE GIANTSBlack Blade Kindred
30%
Elden RingLIURNIA OF THE LAKESCrystalian Ringblade
30%
Elden RingLIURNIA OF THE LAKESCrystalian Spear & Crystalian Staff
30%
Elden RingMT. GELMIRDemi-Human Queen Margot
30%
Elden RingLIMGRAVEMad Pumpkin Head
30%
BloodBornePthumeru ChaliceUndead Giant
30%
Elden RingMT. GELMIRAncient Dragon Lansseax
29%
Elden RingLIMGRAVEDemi-Human Chief
29%
Elden RingLIURNIA OF THE LAKESGlintstone Dragon Adula
29%
Elden RingALTUS PLATEAUGodefroy The Grafted
29%
Elden RingLIURNIA OF THE LAKESMagma Wyrm Makar
29%
Elden RingLIURNIA OF THE LAKESOmenkiller
29%
BloodBornePthumeru ChaliceWatchdog of the old lords
29%
Elden RingCAELID | LIMGRAVE | LIURNIA OF THE LAKESCemetery Shade
28%
Elden RingCAELID
Commander O'Neil
28%
BloodBorneCentral Pthumeru ChaliceManeater Boar
28%
Elden RingCAELID | LEYNDELL, ROYAL CAPITAL | LIMGRAVE | LIURNIA OF THE LAKESBell Bearing Hunter
27%
BloodBorneLower HIntertomb ChaliceBrainsucker
27%
Elden RingCAELID | MOUNTAINTOPS OF THE GIANTSDeath Rite Bird
27%
Elden RingMT. GELMIRPerfumer Tricia & Misbegotten Warrior
27%
BloodBorneLower HIntertomb ChalicePthumerian Elder
27%
BloodBorneAiling Loran ChaliceAbhorrrent Beast
26%
Elden RingLIMGRAVEBloodhound Knight Darriwil
26%
BloodBorneLower Pthumeru ChaliceBloodletting Beast
26%
Elden RingLIURNIA OF THE LAKESBols, Carian Knight
26%
Elden RingMOUNTAINTOPS OF THE GIANTSBorealis the Freezing Fog
26%
Elden RingCAELIDFlying Dragon Greyll
26%
BloodBorneLower Ailing Loran ChaliceLoran Darkbeast
26%
Elden RingCAELIDPutrid Avatar
26%
Elden RingLIURNIA OF THE LAKESAlecto, Black Knife Ringleader
25%
Elden RingALTUS PLATEAU | LIMGRAVE | MOUNTAINTOPS OF THE GIANTSAncient Hero of Zamor
25%
BloodBorneCentral Pthumeru ChaliceKeeper of the old lords
25%
BloodBorneLower Loran ChaliceLoran Silverbeast
25%
Elden RingLIMGRAVEMiranda the Blighted Bloom
25%
Elden RingAINSEL RIVERDragonkin Soldier of Nokstella
24%
Elden RingALTUS PLATEAUElemer of the Briar
24%
BloodBorneCentral Pthumeru ChalicePthumerian descendant
24%
Elden RingLIURNIA OF THE LAKESSpirit-Caller Snail
24%
Elden RingMT. GELMIRAbductor Virgins
23%
Elden RingCAELID | LIURNIA OF THE LAKESCleanrot Knight
23%
Elden RingMT. GELMIRDemi-Human Queen Maggie
23%
Elden RingLEYNDELL, ROYAL CAPITALFell Twins
23%
Elden RingCAELIDPutrid Tree Spirit
23%
Elden RingLIMGRAVEScaly Misbegotten
23%
Elden RingMOUNTAINTOPS OF THE GIANTSVyke, Knight of the Roundtable
23%
Elden RingALTUS PLATEAUWormface
23%
Elden RingALTUS PLATEAU | LIMGRAVEGrave Warden Duelist
22%
Elden RingMOUNTAINTOPS OF THE GIANTSGreat Wyrm Theodorix
22%
Elden RingLIURNIA OF THE LAKESAlabaster Lord
21%
BloodBorneCentral Pthumeru ChaliceBeast Possessed soul
21%
Elden RingCAELIDDecaying Ekzykes
21%
Elden RingLEYNDELL, CAPITAL OF ASH | LEYNDELL, ROYAL CAPITALEsgar, Priest of Blood
21%
Elden RingMT. GELMIRFull-Grown Fallingstar Beast
21%
Elden RingMT. GELMIRKindred of Rot
21%
BloodBornePthumeru ChaliceMerciless watcher
21%
Demon's soulsNexusMaiden in black
20%
Elden RingMOUNTAINTOPS OF THE GIANTSMisbegotten Crusader
20%
Elden RingLEYNDELL, ROYAL CAPITALOnyx Lord
20%
Elden RingLIURNIA OF THE LAKESRoyal Revenant
20%
Elden RingALTUS PLATEAUDemi-Human Queen Gilika
19%
Elden RingLIMGRAVEGuardian Golem
19%
Elden RingALTUS PLATEAUNecromancer Garris
19%
Elden RingCAELID
Elder Dragon Greyoll
18%
BloodBorneLower HIntertomb ChaliceForgotten Madman
18%
Elden RingALTUS PLATEAUSanguine Noble
18%
Elden RingCAELIDBattlemage Hugues
16%
Elden RingCAELIDFrenzied Duelist
16%
Elden RingCAELID | LIMGRAVEBeast of Farum Azula
13%
Elden RingCAELIDNox Swordstress & Nox Priest
11%
Elden RingCONSECRATED SNOWFIELDPutrid Grave Warden Duelist
10%
Elden RingLIMGRAVELion Guardian
9%
Elden RingCAELIDPutrid Crystalian Trio
9%
Elden RingLEYNDELL, ROYAL CAPITALDivine Bridge Golem
8%
Elden RingALTUS PLATEAUTree Sentinel Duo
8%
BloodBorneCathedral WardVigar Amelia
8%
BloodBorneCursed IhyllHeaded Bloodletting Beast
7%
Elden RingCAELIDMad Pumpkin Heads
6%
Elden RingCAELIDCrucible Knight & Misbegotten Warrior
5%
Elden RingLIMGRAVEGolem Archer
4%
Elden RingALTUS PLATEAUTwinblade Gargoyle
4%
Elden RingALTUS PLATEAUCrystalian Spear & Crystalian Ringblade
3%

Score Distribution

Percentile by Number Answered

Percent of People with Each Score

Your Score History

You have not taken this quiz